Austria - your business partner.
| Corporate Author: | |
|---|---|
| Format: | Book |
| Published: |
Ausland:
Austrian Trade,
2006.
|
| Edition: | 1st ed. |
| Subjects: |
| LEADER | 00563cam a2200193 7i4500 | ||
|---|---|---|---|
| 001 | 0000021581 | ||
| 005 | 20080820090000.0 | ||
| 090 | 0 | 0 | |a AUTR 338.7 |b AUS |
| 110 | 2 | 0 | |a Austrian Trade |
| 245 | 2 | 0 | |a Austria - your business partner. |
| 250 | 0 | 0 | |a 1st ed. |
| 260 | 0 | 0 | |a Ausland: |b Austrian Trade, |c 2006. |
| 300 | # | # | |a [v.p]. |
| 650 | 0 | 0 | |a Business -- |z Austria |
| 650 | 0 | 0 | |a Investments -- |z Austria |
| 650 | 0 | 0 | |a Transportation -- |z Austria |
| 650 | 0 | 0 | |a Austria -- |x Law and legislation |
| 651 | 0 | 0 | |a Austria |
| 999 | |a 0000022619 |b Book |c Countries |e Business Information Centre | ||